<?xml version="1.0" encoding="UTF-8"?>
<record
    xmlns:xsi="http://www.w3.org/2001/XMLSchema-instance"
    xsi:schemaLocation="http://www.loc.gov/MARC21/slim http://www.loc.gov/standards/marcxml/schema/MARC21slim.xsd"
    xmlns="http://www.loc.gov/MARC21/slim">

  <leader>00550nam a2200181 a 4500</leader>
  <controlfield tag="005">20260702183512.0</controlfield>
  <datafield tag="020" ind1=" " ind2=" ">
    <subfield code="a">9786065902345</subfield>
  </datafield>
  <datafield tag="100" ind1="1" ind2=" ">
    <subfield code="a">Eminescu, Mihai</subfield>
  </datafield>
  <datafield tag="245" ind1="1" ind2="0">
    <subfield code="a">Poezii</subfield>
  </datafield>
  <datafield tag="260" ind1=" " ind2=" ">
    <subfield code="a">Iasi</subfield>
    <subfield code="b">Polirom</subfield>
    <subfield code="c">2018</subfield>
  </datafield>
  <datafield tag="041" ind1="0" ind2=" ">
    <subfield code="a">ron</subfield>
  </datafield>
  <datafield tag="650" ind1=" " ind2="0">
    <subfield code="a">Poezie romaneasca</subfield>
  </datafield>
  <datafield tag="942" ind1=" " ind2=" ">
    <subfield code="c">BK</subfield>
  </datafield>
  <datafield tag="999" ind1=" " ind2=" ">
    <subfield code="c">8</subfield>
    <subfield code="d">8</subfield>
  </datafield>
  <datafield tag="520" ind1=" " ind2=" ">
    <subfield code="a">Antologie de poezie eminescian&#x103; cuprinz&#xE2;nd marile poeme &#x2014; &#x201E;Luceaf&#x103;rul", &#x201E;Scrisorile", &#x201E;Od&#x103; (&#xEE;n metru antic)" &#x2014; repere ale romantismului rom&#xE2;nesc.</subfield>
  </datafield>
  <datafield tag="300" ind1=" " ind2=" ">
    <subfield code="a">320 p.</subfield>
    <subfield code="c">19 cm</subfield>
  </datafield>
  <datafield tag="546" ind1=" " ind2=" ">
    <subfield code="a">Text &#xEE;n limba rom&#xE2;n&#x103;</subfield>
  </datafield>
  <datafield tag="082" ind1="0" ind2="4">
    <subfield code="a">821.135.1-1 EMI</subfield>
  </datafield>
  <datafield tag="952" ind1=" " ind2=" ">
    <subfield code="0">0</subfield>
    <subfield code="1">0</subfield>
    <subfield code="4">0</subfield>
    <subfield code="7">0</subfield>
    <subfield code="a">BJHR</subfield>
    <subfield code="b">BJHR</subfield>
    <subfield code="d">2026-07-02</subfield>
    <subfield code="l">0</subfield>
    <subfield code="o">821.135.1-1 EMI</subfield>
    <subfield code="p">ARTABJHR8</subfield>
    <subfield code="r">2026-07-02 18:14:06</subfield>
    <subfield code="w">2026-07-02</subfield>
    <subfield code="y">BK</subfield>
  </datafield>
  <datafield tag="952" ind1=" " ind2=" ">
    <subfield code="0">0</subfield>
    <subfield code="1">0</subfield>
    <subfield code="4">0</subfield>
    <subfield code="7">0</subfield>
    <subfield code="a">BHR02</subfield>
    <subfield code="b">BHR02</subfield>
    <subfield code="d">2026-07-02</subfield>
    <subfield code="l">0</subfield>
    <subfield code="o">821.135.1-1 EMI</subfield>
    <subfield code="p">ARTABHR028</subfield>
    <subfield code="r">2026-07-02 18:14:06</subfield>
    <subfield code="w">2026-07-02</subfield>
    <subfield code="y">BK</subfield>
  </datafield>
</record>
